Detalles MARC
| 000 -LEADER |
| fixed length control field |
02795nam a2200505Ii 4500 |
| 001 - CONTROL NUMBER |
| control field |
DIGRENAC0157 |
| 003 - CONTROL NUMBER IDENTIFIER |
| control field |
NyNyDIG |
| 008 - FIXED-LENGTH DATA ELEMENTS--GENERAL INFORMATION |
| fixed length control field |
200304t20182017sp ob 000 0 spa d |
| 006 - FIXED-LENGTH DATA ELEMENTS--ADDITIONAL MATERIAL CHARACTERISTICS |
| fixed length control field |
m o d |
| 007 - PHYSICAL DESCRIPTION FIXED FIELD--GENERAL INFORMATION |
| fixed length control field |
cr ||||||||||| |
| 035 ## - SYSTEM CONTROL NUMBER |
| System control number |
(OCoLC)1143285491 |
| 040 ## - CATALOGING SOURCE |
| Original cataloging agency |
DGITA |
| Language of cataloging |
eng |
| Description conventions |
rda |
| -- |
pn |
| Transcribing agency |
DGITA |
| 020 ## - INTERNATIONAL STANDARD BOOK NUMBER |
| International Standard Book Number |
9788417266912 |
| Qualifying information |
(eBook ; |
| -- |
pdf) |
| 020 ## - INTERNATIONAL STANDARD BOOK NUMBER |
| International Standard Book Number |
8417266917 |
| Qualifying information |
(eBook ; |
| -- |
pdf) |
| 020 ## - INTERNATIONAL STANDARD BOOK NUMBER |
| Canceled/invalid ISBN |
9788416981700 |
| 020 ## - INTERNATIONAL STANDARD BOOK NUMBER |
| Canceled/invalid ISBN |
8416981701 |
| 050 14 - LIBRARY OF CONGRESS CALL NUMBER |
| Classification number |
PQ8098.12.O38 ebook |
| 082 04 - DEWEY DECIMAL CLASSIFICATION NUMBER |
| Classification number |
863.64 |
| 245 00 - TITLE STATEMENT |
| Title |
Roberto Bolaño : |
| Remainder of title |
estrella distante / |
| Statement of responsibility, etc. |
edición de Juan Antonio González Fuentes y Dámaso López García ; Chiara Bolognese [and 10 others] ; prólogo, María Ángeles Osorio Iturmendi. |
| 264 #1 - PRODUCTION, PUBLICATION, DISTRIBUTION, MANUFACTURE, AND COPYRIGHT NOTICE |
| Place of production, publication, distribution, manufacture |
Sevilla : |
| Name of producer, publisher, distributor, manufacturer |
Renacimiento, |
| Date of production, publication, distribution, manufacture, or copyright notice |
[2018] |
| 264 #4 - PRODUCTION, PUBLICATION, DISTRIBUTION, MANUFACTURE, AND COPYRIGHT NOTICE |
| Date of production, publication, distribution, manufacture, or copyright notice |
©2017 |
| 300 ## - PHYSICAL DESCRIPTION |
| Extent |
1 online resource. |
| 336 ## - CONTENT TYPE |
| Content type term |
text |
| Content type code |
txt |
| Source |
rdacontent |
| 337 ## - MEDIA TYPE |
| Media type term |
computer |
| Media type code |
c |
| Source |
rdamedia |
| 338 ## - CARRIER TYPE |
| Carrier type term |
online resource |
| Carrier type code |
cr |
| Source |
rdacarrier |
| 347 ## - DIGITAL FILE CHARACTERISTICS |
| File type |
text file |
| Source |
rdaft |
| 347 ## - DIGITAL FILE CHARACTERISTICS |
| Encoding format |
PDF |
| 490 1# - SERIES STATEMENT |
| Series statement |
Iluminaciones ; |
| Volume/sequential designation |
120 |
| 504 ## - BIBLIOGRAPHY, ETC. NOTE |
| Bibliography, etc. note |
Includes bibliographical references. |
| 505 0# - FORMATTED CONTENTS NOTE |
| Formatted contents note |
Universo Bolaño / Juan Antonio González Fuentes y Dámaso López García -- Papeles de un afuerino / Bruno Montané Krebs -- Bolaño/Lihn, cartas marcadas / Roberto Brodsky -- Una lectura cervantina de Bolaño / Mihály Dés -- Roberto Bolaño, un escritor entre dos mundos / Chiara Bolognese -- "Sólo la fiebre y la poesía provocan visiones" : la obra de Roberto Bolaño / María Ángeles Pérez López -- La literatura nazi en América (1966), veinte años después : una lectura hemisférica compartida por el espíritu de la ciencia ficción (2016) / Dunia Gras -- Roberto Bolaño, una cueva en el desierto / Menchu Gutiérrez -- Bolaño y los críticos expertos / Wilfrido H. Corral -- Et in Esparta ego : Bolaño y la política / José María Lassalle -- La escritura violenta de Roberto Bolaño / Arturo García Ramos. |
| 588 0# - SOURCE OF DESCRIPTION NOTE |
| Source of description note |
Online resource; title from PDF title page (Digitalia, viewed March 6, 2020). |
| 600 10 - SUBJECT ADDED ENTRY--PERSONAL NAME |
| Personal name |
Bolaño, Roberto, |
| Dates associated with a name |
1953-2003 |
| General subdivision |
Criticism and interpretation. |
| 655 #0 - INDEX TERM--GENRE/FORM |
| Genre/form data or focus term |
Electronic books. |
| 700 1# - ADDED ENTRY--PERSONAL NAME |
| Personal name |
González Fuentes, Juan Antonio, |
| Relator term |
editor. |
| 700 1# - ADDED ENTRY--PERSONAL NAME |
| Personal name |
López García, Dámaso, |
| Relator term |
editor. |
| 700 1# - ADDED ENTRY--PERSONAL NAME |
| Personal name |
Bolognese, Chiara, |
| Relator term |
author. |
| 700 1# - ADDED ENTRY--PERSONAL NAME |
| Personal name |
Osorio Iturmendi, María Ángeles, |
| Relator term |
contributor agent of text. |
| 776 08 - ADDITIONAL PHYSICAL FORM ENTRY |
| Relationship information |
Print version: |
| Title |
Roberto Bolaño. |
| Place, publisher, and date of publication |
Sevilla [España] : Renacimiento, 2017 |
| International Standard Book Number |
9788416981700 |
| Record control number |
(DLC) 2017399369 |
| -- |
(OCoLC)999630756 |
| 791 2# - |
| -- |
Digitalia (Firm), |
| -- |
distributor. |
| 793 0# - |
| -- |
Digitalia eBook Collection: |
| -- |
Editorial Renacimiento |
| 830 #0 - SERIES ADDED ENTRY--UNIFORM TITLE |
| Uniform title |
Iluminaciones ; |
| Volume/sequential designation |
116. |
| 856 40 - ELECTRONIC LOCATION AND ACCESS |
| Materials specified |
Digitalia Hispánica |
| Uniform Resource Identifier |
<a href="https://www.digitaliapublishing.com/a/56471/">https://www.digitaliapublishing.com/a/56471/</a> |
| 910 ## - USER-OPTION DATA (OCLC) |
| User-option data |
Premium Collection: 2020 |
| 942 ## - ADDED ENTRY ELEMENTS (KOHA) |
| Koha item type |
Recurso Electrónico |